000
00321nam a2200133Ia 4500
005
20251222155053.0
008
251222s9999||||xx |||||||||||||| ||spa||
082
_a
MEQ.243.1-2
100
_a
URDEN Lough.
245
0
_a
Cuidados intensivos en enfermerÃa 2 Vol.
250
_a
3ra. ed.
264
_b
Oceano
942
_c
LIB
999
_c
37351
_d
37351